The Bridge and Structural engineering : (Record no. 88381)
[ view plain ]
| 000 -LEADER | |
|---|---|
| fixed length control field | 01447cas a2200361 a 4500 |
| 003 - CONTROL NUMBER IDENTIFIER | |
| control field | dpl |
| 005 - DATE AND TIME OF LATEST TRANSACTION | |
| control field | 20140908102554.0 |
| 007 - PHYSICAL DESCRIPTION FIXED FIELD--GENERAL INFORMATION | |
| fixed length control field | cr un| |
| 008 - FIXED-LENGTH DATA ELEMENTS--GENERAL INFORMATION | |
| fixed length control field | 910405c19919999sz qr p 0 0eng c |
| 010 ## - LIBRARY OF CONGRESS CONTROL NUMBER | |
| LC control number | 92640006 |
| Canceled/invalid LC control number | sn 91022416 |
| 035 ## - SYSTEM CONTROL NUMBER | |
| System control number | (OCoLC)ocm23381143 |
| 037 ## - SOURCE OF ACQUISITION | |
| Source of stock number/acquisition | IABSE, ETH-Hönggerberg, CH-8093 Zurich, Switzerland |
| 040 ## - CATALOGING SOURCE | |
| Original cataloging agency | MoU |
| Transcribing agency | MoU |
| Modifying agency | FU |
| -- | DLC |
| -- | NST |
| -- | WaU |
| -- | NST |
| -- | MCM |
| -- | NST |
| -- | MiU |
| -- | OCoLC |
| -- | CU-S |
| -- | MCM |
| -- | OCoLC |
| -- | CaQMM |
| -- | OCoLC |
| 042 ## - AUTHENTICATION CODE | |
| Authentication code | pcc |
| 050 00 - LIBRARY OF CONGRESS CALL NUMBER | |
| Classification number | TA630 |
| Item number | .S826 |
| 050 #4 - LIBRARY OF CONGRESS CALL NUMBER | |
| Classification number | TG5 |
| Item number | A849is |
| 082 00 - DEWEY DECIMAL CLASSIFICATION NUMBER | |
| Classification number | 624.105 |
| Edition number | 20 |
| 245 00 - TITLE STATEMENT | |
| Title | The Bridge and Structural engineering : |
| Remainder of title | journal of the Indian natioanl group of the International Association for Bridge and Structural Engineering (IABSE). |
| 260 ## - PUBLICATION, DISTRIBUTION, ETC. (IMPRINT) | |
| Place of publication, distribution, etc | New Delhi : |
| Name of publisher, distributor, etc | ING-IABSE, |
| Date of publication, distribution, etc | 1970- |
| 300 ## - PHYSICAL DESCRIPTION | |
| Extent | v. : |
| Other physical details | ill. ; |
| Dimensions | 30 cm. |
| 310 ## - CURRENT PUBLICATION FREQUENCY | |
| Current publication frequency | Quarterly |
| 362 0# - DATES OF PUBLICATION AND/OR SEQUENTIAL DESIGNATION | |
| Dates of publication and/or sequential designation | Vol. 44, no. 1 (March 2014)- |
| 500 ## - GENERAL NOTE | |
| General note | Title from cover. |
| 530 ## - ADDITIONAL PHYSICAL FORM AVAILABLE NOTE | |
| Additional physical form available note | Also issued online. |
| 590 ## - LOCAL NOTE (RLIN) | |
| Local note | SERBIB/SERLOC merged record |
| 650 #0 - SUBJECT ADDED ENTRY--TOPICAL TERM | |
| Topical term or geographic name as entry element | Structural engineering |
| Form subdivision | Periodicals. |
| 650 #0 - SUBJECT ADDED ENTRY--TOPICAL TERM | |
| Topical term or geographic name as entry element | Bridges |
| General subdivision | Design and construction |
| Form subdivision | Periodicals. |
| 710 2# - ADDED ENTRY--CORPORATE NAME | |
| Corporate name or jurisdiction name as entry element | International Association for Bridge and Structural Engineering. |
| 780 00 - PRECEDING ENTRY | |
| Main entry heading | International Association for Bridge and Structural Engineering. |
| Title | IABSE periodica |
| Record control number | (DLC) sn87012717 |
| -- | (OCoLC)3572026 |
| 906 ## - LOCAL DATA ELEMENT F, LDF (RLIN) | |
| a | 7 |
| b | cbc |
| c | serials |
| d | 2 |
| e | ncip |
| f | 19 |
| g | n-oclcserc |
| 942 ## - ADDED ENTRY ELEMENTS (KOHA) | |
| Source of classification or shelving scheme | Dewey Decimal Classification |
| Item type | Periodicals |
| Classification part | 624.105 |
| Serial record | 1 |
No items available.
